| 000 | 01399pam a2200361 a 4500 | ||
|---|---|---|---|
| 001 | 4962291 | ||
| 003 | OSt | ||
| 005 | 20251128142653.0 | ||
| 008 | 970415s1997 miu 000 0 eng | ||
| 010 | _a 97019222 | ||
| 020 |
_a0310200261 _qalk. paper |
||
| 020 |
_a9780310200260 _q(alk. paper) |
||
| 035 | _a4962291 | ||
| 040 |
_aDLC _cDLC _dDLC |
||
| 050 | 0 | 0 |
_aBV4909 _b.S72 1997 |
| 082 | 0 | 0 |
_a248.8/6 _221 |
| 100 | 1 | _aStanley, Charles F. | |
| 245 | 1 | 4 |
_aThe blessings of brokenness : _bwhy God allows us to go through hard times / _cCharles Stanley. |
| 260 |
_aGrand Rapids, Mich. : _bZondervan, _cc1997. |
||
| 300 |
_a158 p. ; _c19 cm. |
||
| 336 |
_atext _btxt _2rdacontent |
||
| 337 |
_aunmediated _bn _2rdamedia |
||
| 338 |
_avolume _bnc _2rdacarrier |
||
| 650 | 0 |
_aSuffering _xReligious aspects _xChristianity. |
|
| 650 | 0 | _aConsolation. | |
| 856 | 4 | 2 |
_3Publisher description _uhttp://www.loc.gov/catdir/enhancements/fy0633/97019222-d.html |
| 856 | 4 | 1 |
_3Table of contents only _uhttp://www.loc.gov/catdir/enhancements/fy0633/97019222-t.html |
| 856 | 4 | 1 |
_3Sample text _uhttp://www.loc.gov/catdir/enhancements/fy0642/97019222-s.html |
| 906 |
_a7 _bcbc _corignew _d1 _eocip _f19 _gy-gencatlg |
||
| 942 |
_2lcc _cBK |
||
| 999 |
_c20786 _d20785 |
||